000 00298nam a2200121 a 4500
008 101210s1967|||| d
245 1 0 _aMôj život v speve pamäti
100 1 _aGigli, Beniamino
260 _bEditio supraphon
_aBratislava
_c1967
020 _c19
041 _aslo
044 _axo
_cSK
999 _c15122
_d15122